000 00773nam a22001817a 4500
003 OSt
005 20251125101153.0
008 251125b |||||||| |||| 00| 0 eng d
040 _cDCL
041 _aMyanmar
082 _a၂၉၄.၃၈၂၃
100 0 _aမြင့်ဆွေ၊
_cဦး
245 1 0 _aပိဋကတ်စာပေလာ ဗုဒ္ဓဓမ္မများ /
_cဦးမြင့်ဆွေ မဟာဝိဇ္ဇာ(လန်ဒန်)။
264 _a[နေရာမပါ] ၊
_b[ထုတ်သူမပါ]၊
_c၂၀၁၂။
300 _a၆၂၈ စာမျက်နှာ ၊
_c၂၁ စင်တီ။
650 _aသုတ္တန္တပိဋကတ်
942 _2ddc
_cSHORT TERM
_n0
999 _c2618
_d2618